| 000 | 00629nam a2200241Ia 4500 | ||
|---|---|---|---|
| 003 | OSt | ||
| 005 | 20220918214427.0 | ||
| 006 | a|||||r|||| 00| 0 | ||
| 007 | ta | ||
| 008 | 220917b |||||||| |||| 00| 0 eng d | ||
| 024 | _a137,473 | ||
| 037 | _cTextual | ||
| 040 |
_aARTS _cARTS _beng |
||
| 041 |
_2eng _aeng |
||
| 082 | _aXM2.611, M8 | ||
| 100 |
_aOkoko Kimse A B _9131326 |
||
| 245 | 0 | _aSocialism and self reliance in Tanzania | |
| 260 |
_aLondon _bK P I _c1987 |
||
| 300 |
_axiii,272p. _ccm. |
||
| 650 | _aECONOMICS | ||
| 942 |
_hXM2.611, M8 _cTEXL _2CC |
||
| 999 |
_c260554 _d260554 |
||